Largest Stadiums in the World - Statistics

General Stats
  • This quiz has been taken 11 times
  • The average score is 6 of 20
Answer Stats
Capacity Location Purpose Answer % Correct
90,000 United Kingdom Soccer Wembley Stadium
82%
99,786 Spain Soccer Camp Nou
73%
95,500 Mexico Soccer Estadio Azteca
64%
100,024 Australia Cricket Melbourne Cricket Ground
45%
107,601 United States American Football (NCAA) Michigan Stadium
45%
88,548 United States American Football (NCAA) Ben Hill Griffin Stadium
36%
101,821 United States American Football (NCAA) Bryant-Denny Stadium
36%
104,994 United States American Football (NCAA) Ohio Stadium
36%
107,572 United States American Football (NCAA) Beaver Stadium
27%
102,512 United States American Football (NCAA) Kyle Field
27%
102,455 United States American Football (NCAA) Neyland Stadium
27%
92,746 United States American Football (NCAA) Sanford Stadium
27%
94,713 South Africa Soccer Soccer City
27%
100,119 United States American Football (NCAA) Texas Memorial Stadium
27%
102,321 United States American Football (NCAA) Tiger Stadium
27%
92,542 United States American Football (NCAA) Rose Bowl
18%
91,471 United States American Football (NCAA) Memorial Stadium
9%
150,000 North Korea Misc Rungrado 1st of May Stadium
9%
92,100 United States American Football (NCAA) Cotton Bowl
0%
93,609 United States American Football (NCAA/NFL) Los Angeles Colliseum
0%
No matching quizzes found
Score Distribution
Percent of People with Each Score
Percentile by Number Answered
Your Score History
You have not taken this quiz